Permitted development rights for domestic microgeneration equipment (Record no. 107958)

MARC details
000 -LEADER
fixed length control field 01600cam a22002655a 4500
001 - CONTROL NUMBER
control field E142767
008 - FIXED-LENGTH DATA ELEMENTS--GENERAL INFORMATION
fixed length control field 080306e20080304stk f s000 0 eng d
020 ## - INTERNATIONAL STANDARD BOOK NUMBER
International Standard Book Number 9780755970148
035 ## - SYSTEM CONTROL NUMBER
System control number (Sirsi) u142767
041 0# - LANGUAGE CODE
Language code of text/sound track or separate title eng
110 1# - MAIN ENTRY--CORPORATE NAME
Corporate name or jurisdiction name as entry element Scotland
Subordinate unit Scottish Government
9 (RLIN) 5344
245 00 - TITLE STATEMENT
Title Permitted development rights for domestic microgeneration equipment
Remainder of title consultation paper
Medium [electronic resource]
260 ## - PUBLICATION, DISTRIBUTION, ETC.
Place of publication, distribution, etc. Edinburgh
Name of publisher, distributor, etc. Scottish Government
Date of publication, distribution, etc. 2008
520 ## - SUMMARY, ETC.
Summary, etc. Seeks views on the extent to which planning control can be reduced for domestic buildings by making microgeneration equipment 'permitted development' with the aim of removing the need to apply for planning permission. The proposal aims to strike a balance between controlling adverse impacts on neighbours and the wider environmental benefits of reducing CO 2 emission. Planning Advice Note (PAN) 45 (Annex) gives background information about technologies and best practice advice (ISBN 0755949420). See also Strategic Environmental Assessment Environmental Report (ISBN 9780755970155).
520 ## - SUMMARY, ETC.
Summary, etc. Comments by 12 May 2008
590 ## - LOCAL NOTE (RLIN)
Local note KA
650 24 - SUBJECT ADDED ENTRY--TOPICAL TERM
Topical term or geographic name entry element ENVIRONMENTAL ASSESSMENT (SCOTLAND) ACT 2005
650 24 - SUBJECT ADDED ENTRY--TOPICAL TERM
Topical term or geographic name entry element PAN45
650 24 - SUBJECT ADDED ENTRY--TOPICAL TERM
Topical term or geographic name entry element TOWN AND COUNTRY PLANNING (GENERAL PERMITTED DEVELOPMENT) (SCOTLAND) AMENDMENT ORDER 2008
651 #4 - SUBJECT ADDED ENTRY--GEOGRAPHIC NAME
Geographic name Scotland
Chronological subdivision 1999-
690 ## - LOCAL SUBJECT ADDED ENTRY--TOPICAL TERM (OCLC, RLIN)
Topical term or geographic name as entry element Planning and development
9 (RLIN) 6259
690 ## - LOCAL SUBJECT ADDED ENTRY--TOPICAL TERM (OCLC, RLIN)
Topical term or geographic name as entry element PROPERTY-RESIDENTIAL PROPERTY-DOMESTIC RESIDENTIAL PROPERTY
856 40 - ELECTRONIC LOCATION AND ACCESS
Uniform Resource Identifier <a href="https://www.scotland.gov.uk/Publications/2008/03/04090052/0">https://www.scotland.gov.uk/Publications/2008/03/04090052/0</a>
Public note View the item free of charge at www.scotland.gov.uk...
942 ## - ADDED ENTRY ELEMENTS (KOHA)
Suppress in OPAC 0
Holdings
Withdrawn status Lost status Source of classification or shelving scheme Damaged status Not for loan Home library Current library Shelving location Date acquired Total Checkouts Full call number Barcode Date last seen Copy number Price effective from Koha item type
    Dewey Decimal Classification     Virtual Virtual Online 06/03/2008   ONLINE PUBLICATION 142767-2001 06/08/2019 1 06/08/2019 Book